000 00445nam a2200193Ia 4500
005 20250423095949.0
008 250422s9999 xx 000 0 und d
020 _a13:978-1-4058-2404-0
050 _aKN 250 .K4/
100 _aDenis Keenan
245 0 _aLaw For Business
250 _a13th ed.
260 _aHarlow
260 _bPearson Education Limited
260 _c2006
300 _a682 p
650 _aBusiness Law
942 _cBK
999 _c31869
_d31869